Estadísticas para Mapa de las Provincias de España

Haz click aquí para intentar la prueba.

Estadísticas generales

  • Esta prueba ha sido intentada 1.743 veces
  • La puntuación promedio es 29 de 50

Respuestas en el mapa

Las respuestas están codificadas por una escala verde-roja en el mapa de la prueba según el % correcto abajo.
 

Estadísticas de respuestas

Respuesta% Correcto
Asturias
78%
La Coruña
76%
Barcelona
74%
Madrid
73%
Cantabria
70%
Orense
70%
Islas Baleares
68%
Lugo
68%
Gerona
67%
León
66%
Valencia
66%
Murcia
65%
Navarra
65%
La Rioja
64%
Pontevedra
64%
Castellón
63%
Tarragona
63%
Zaragoza
63%
Alicante
62%
Cádiz
60%
Lérida
60%
Burgos
59%
Cáceres
59%
Huesca
59%
Álava
58%
Badajoz
57%
Teruel
57%
Málaga
56%
Sevilla
56%
Guipúzcoa
55%
Huelva
55%
Santa Cruz de Tenerife
54%
Valladolid
54%
Albacete
53%
Almería
53%
Ciudad Real
53%
Toledo
53%
Zamora
53%
Palencia
52%
Granada
51%
Córdoba
50%
Jaén
50%
Las Palmas
50%
Salamanca
50%
Vizcaya
50%
Cuenca
49%
Guadalajara
49%
Soria
48%
Ávila
45%
Segovia
43%

Distribución de puntuación

Porcentaje por número respondido

Porcentaje de gente con cada puntuación

Historial de tus puntuaciones

No has intentado esta prueba.